000 00720cam a2200241 4500
008 000000n2000 000 0 eng u
020 _a1860814328
035 _a(Sirsi) u110218
041 _aENG
050 _a690.0285
110 _aBuilding Centre Trust
_93162
245 _aMaking the connection - a low cost 'extranet' for construction project teams: Damond Lock Grabowski
260 _aLondon
_bCRC Ltd
_c2000
300 _a7p. ; 30cm.
490 _aIT Case Study
_v20
650 _aIT
650 _aINFORMATION MANAGEMENT SYSTEM
650 _aINTERNET
650 _aCAD
690 _aMANAGEMENT-BUSINESS MANAGEMENT-INFORMATION MANAGEMENT
710 _aBuilding Research Establishment
942 _n0
999 _c101078
_d101078